| 000 | 00604nam a2200205 4500 | ||
|---|---|---|---|
| 001 | VA34508 | ||
| 003 | ES-SlBCS | ||
| 005 | 20210601154103.0 | ||
| 008 | 140520s1985 xxu||||| |||| 00| 0 spa d | ||
| 041 | _aspa | ||
| 100 | 1 |
_aKant, Immanuel _d, 1724-1804 _994277 |
|
| 245 | 1 | 0 |
_aLa paz perpetua _cImmanuel Kant; Antonio Truyol Y Serra, Joaquín Abellán |
| 260 |
_aMadrid : _bTecnos _c, 1985 |
||
| 300 |
_aXXV,69 p.; _c18 cm |
||
| 490 | 0 |
_aClásicos del Pensamiento _v |
|
| 650 |
_aPaz Perpetua _9142479 |
||
| 700 | 1 | 0 |
_aTruyol y Serra, Antonio _93316 |
| 700 | 1 | 0 |
_aAbellán, Joaquín _978842 |
| 942 | _cBK | ||
| 999 |
_c799937 _d799937 |
||